|
|
|
|
| LEADER |
00000nam0a2200000 4500 |
| 001 |
86035 |
| 005 |
20231031101359.0 |
| 020 |
|
|
|a RU
|b 84-3856
|
| 035 |
|
|
|a (RuTPU)RU\TPU\book\92416
|
| 090 |
|
|
|a 86035
|
| 100 |
|
|
|a 20051122d1983 km y0rusy5003 ca
|
| 101 |
0 |
|
|a rus
|
| 102 |
|
|
|a RU
|
| 105 |
|
|
|a y z 000zy
|
| 200 |
1 |
|
|a Вопросы математической теории реакторов
|e нелинейный анализ
|f А. В. Крянев, С. Б. Шихов
|
| 210 |
|
|
|a Москва
|c Энергоатомиздат
|d 1983
|
| 215 |
|
|
|a 279 с.
|
| 320 |
|
|
|a Библиогр.: с. 271-277
|
| 610 |
1 |
|
|a ядерные реакторы
|
| 610 |
1 |
|
|a динамические расчеты
|
| 610 |
1 |
|
|a нелинейные уравнения
|
| 610 |
1 |
|
|a математическая теория
|
| 675 |
|
|
|a 621.039.51
|v 3
|
| 700 |
|
1 |
|a Крянев
|b А. В.
|g Александр Витальевич
|
| 701 |
|
1 |
|a Шихов
|b С. Б.
|g Сергей Борисович
|
| 801 |
|
0 |
|a RU
|b RuMRKP
|c 19950704
|g psbo
|
| 801 |
|
1 |
|a RU
|b 63413507
|c 20051122
|g PSBO
|
| 801 |
|
2 |
|a RU
|b 63413507
|c 20180210
|g PSBO
|
| 942 |
|
|
|c BK
|